Vainqueur barrage d'accession au TOP14 - Statistiques

Statistiques générales
  • Ce quiz a été pris 58 fois
    44 depuis la dernière actualisation
  • Le résultat moyen est 4 sur 6
Statistiques - réponses
Années Equipes Championnats Avant Barrage % Correct
2024 Montpellier HR TOP 14
92%
2023 USA Perpignan TOP 14
92%
2022 USA Perpignan TOP 14
81%
2021 Biarritz Olympique PRO D2
61%
2019 CA Brive PRO D2
58%
2018 FC Grenoble PRO D2
39%
Aucun quiz correspondant
Distribution des résultats
% des personnes avec chaque résultat
Percentile par nombre de réponses
Votre historique - résultats
Vous n’avez pas pris ce quiz depuis la dernière actualisation